[Event "Rafsanjan op 1st"]
[Site "Rafsanjan"]
[Date "2015.08.15"]
[Round "9"]
[White "Nazari, Arad"]
[Black "Jafari, Mahdi"]
[Result "1/2-1/2"]
[WhiteElo "1874"]
[BlackElo "1878"]
[PlyCount "133"]
[EventDate "2015.08.10"]
[EventType "swiss"]
[EventRounds "9"]
[EventCountry "IRI"]
[SourceTitle "EXT 2016"]
[Source "ChessBase"]
[SourceDate "2015.10.08"]
[SourceVersion "1"]
[SourceVersionDate "2015.10.08"]
[SourceQuality "1"]

1. d4 d5 2. Nf3 c6 3. e3 Bg4 4. Nbd2 Nd7 5. h3 Bh5 6. c4 e6 7. Qb3 Qb6 8. c5 Qc7 9. Be2 Ngf6 10. Qc3 Be7 11. 0-0 Ne4 12. Qc2 f5 13. Nxe4 dxe4 14. Ne1 Bxe2 15. Qxe2 0-0 16. Bd2 Rf6 17. f4 Rh6 18. b4 Bh4 19. Nc2 Nf6 20. Be1 Nd5 21. Bxh4 Rxh4 22. a4 Qf7 23. Qf2 Rh6 24. b5 Qh5 25. bxc6 bxc6 26. Rfb1 Rg6 27. Kf1 Rf6 28. Nb4 Ne7 29. Qe2 Qe8 30. Na6 Nd5 31. Rb2 Qc8 32. Nb4 Rb8 33. Nxd5 exd5 34. Rab1 Rxb2 35. Rxb2 Rf7 36. Rb4 h6 37. Kf2 Rb7 38. Qa6 Rc7 39. Qxc8+ Rxc8 40. Rb7 a5 41. g4 g5 42. fxg5 hxg5 43. gxf5 Rf8 44. Rc7 Rxf5+ 45. Ke2 Rf6 46. Ra7 Rh6 47. Rc7 Kf8 48. Kf2 Ke8 49. Kg2 Rf6 50. Rg7 Rf3 51. Rxg5 Rxe3 52. Rg6 Re2+ 53. Kg3 Rd2 54. h4 Rxd4 55. Rxc6 Rc4 56. Kf4 Rc1 57. h5 Rf1+ 58. Ke3 Rf3+ 59. Ke2 Rh3 60. h6 Kd7 61. Rd6+ Kc7 62. Rxd5 Rxh6 63. Re5 Rh4 64. c6 Kxc6 65. Rxa5 Kb6 66. Re5 Kc6 67. Ke3 1/2-1/2

[Event "Rafsanjan op 1st"]
[Site "Rafsanjan"]
[Date "2015.08.12"]
[Round "4"]
[White "Jafari, Mahdi"]
[Black "Baniasad, Emad"]
[Result "1-0"]
[WhiteElo "1878"]
[BlackElo "1963"]
[PlyCount "57"]
[EventDate "2015.08.10"]
[EventType "swiss"]
[EventRounds "9"]
[EventCountry "IRI"]
[SourceTitle "EXT 2016"]
[Source "ChessBase"]
[SourceDate "2015.10.08"]
[SourceVersion "1"]
[SourceVersionDate "2015.10.08"]
[SourceQuality "1"]

1. e4 e5 2. Nf3 Nc6 3. d4 exd4 4. Bc4 Be7 5. c3 Nf6 6. e5 Ne4 7. Bd5 Nc5 8. cxd4 Na6 9. a3 Nab8 10. Nc3 d6 11. Qb3 0-0 12. Be3 Na5 13. Qc2 c6 14. Be4 h6 15. Bd3 d5 16. h4 Be6 17. Ng5 Nd7 18. Bh7+ Kh8 19. Bf5 Bxg5 20. hxg5 Bxf5 21. Qxf5 g6 22. Rxh6+ Kg7 23. Qh3 Rh8 24. Ke2 Nb6 25. Rh1 Rg8 26. e6 fxe6 27. Rh7+ Kf8 28. Qf3+ Ke8 29. Qf7# 1-0

[Event "Rafsanjan op 1st"]
[Site "Rafsanjan"]
[Date "2015.08.12"]
[Round "5"]
[White "Vahdani, Mojtaba"]
[Black "Jafari, Mahdi"]
[Result "0-1"]
[WhiteElo "2046"]
[BlackElo "1878"]
[PlyCount "104"]
[EventDate "2015.08.10"]
[EventType "swiss"]
[EventRounds "9"]
[EventCountry "IRI"]
[SourceTitle "EXT 2016"]
[Source "ChessBase"]
[SourceDate "2015.10.08"]
[SourceVersion "1"]
[SourceVersionDate "2015.10.08"]
[SourceQuality "1"]

1. e4 c5 2. Nf3 Nc6 3. d4 cxd4 4. Nxd4 Nf6 5. Nc3 e5 6. Ndb5 d6 7. Bg5 a6 8. Na3 b5 9. Bxf6 gxf6 10. Nd5 f5 11. Bd3 Be6 12. c3 Bg7 13. Qh5 0-0 14. exf5 Bxd5 15. f6 e4 16. fxg7 Re8 17. Bxb5 Re5 18. Qh6 axb5 19. Nxb5 Be6 20. Na3 Qb6 21. Qc1 e3 22. 0-0 Rxa3 23. bxa3 Bc4 24. fxe3 Bxf1 25. Qxf1 Qxe3+ 26. Kh1 Qe2 27. h3 Qxf1+ 28. Rxf1 Na5 29. Rf6 Nc4 30. Rf4 Rc5 31. Rg4 Nxa3 32. Rd4 Nb5 33. Ra4 Nxc3 34. Ra8+ Kxg7 35. a4 d5 36. a5 d4 37. a6 Ra5 38. Rd8 Rd5 39. Rc8 Nb5 40. Rc2 d3 41. Rd2 Kf6 42. Kg1 Ke5 43. Kf2 Ke4 44. Rd1 Rf5+ 45. Kg3 Rf6 46. Re1+ Kd4 47. Ra1 Na7 48. Rb1 Rxa6 49. Rb7 d2 50. Kf2 Nb5 51. Ke2 Kc3 52. Rxb5 Re6+ 0-1